Friuli Venezia Giulia (Record no. 4562)
[ view plain ]
| 000 -CABECERA | |
|---|---|
| campo de control de longitud fija | 00969nam a2200265 a 4500 |
| 001 - NÚMERO DE CONTROL | |
| campo de control | BRCA_4868 |
| 005 - FECHA Y HORA DE LA ÚLTIMA TRANSACCIÓN | |
| campo de control | 20190320204833.0 |
| 008 - DATOS DE LONGITUD FIJA--INFORMACIÓN GENERAL | |
| campo de control de longitud fija | 141010c1978----it-ao#####---#000-0#eng-# |
| 041 ## - CÓDIGO DE LENGUA | |
| Código de lengua del texto/banda sonora o título independiente | eng |
| 044 ## - CÓDIGO DEL PAÍS DE LA ENTIDAD EDITORA/PRODUCTORA | |
| Código MARC del país | spa |
| 050 #4 - SIGNATURA TOPOGRÁFICA DE LA BIBLIOTECA DEL CONGRESO | |
| Número de clasificación | PG7297 |
| Número de documento/Ítem | .F75 1978 |
| 245 10 - MENCIÓN DE TÍTULO | |
| Título | Friuli Venezia Giulia |
| Mención de responsabilidad, etc. | by Roberto Mainardi ... [et al.] ; texts translated by Richard J. Dury, Richard McKeon Sadleir. |
| 260 ## - PUBLICACIÓN, DISTRIBUCIÓN, ETC. | |
| Lugar de publicación, distribución, etc. | Italia |
| Nombre del editor, distribuidor, etc. | Electa |
| Fecha de publicación, distribución, etc. | 1978 |
| 300 ## - DESCRIPCIÓN FÍSICA | |
| Extensión | 570 p. |
| Otras características físicas | il. (algunas a color), 549 láminas |
| Dimensiones | 31 cm. |
| 440 #0 - MENCIÓN DE SERIE/PUNTO DE ACCESO ADICIONAL--TÍTULO | |
| Título | Banca Nacionale del Laboro |
| 9 (RLIN) | 12319 |
| 500 ## - NOTA GENERAL | |
| Nota general | Incluye índice de ilustraciones y referencias fotográficas |
| 500 ## - NOTA GENERAL | |
| Nota general | Colección Sonia Corcuera de Mancera. |
| 504 ## - NOTA DE BIBLIOGRAFÍA, ETC. | |
| Nota de bibliografía, etc. | Bibliografía: p. 549-559 |
| 651 #4 - PUNTO DE ACCESO ADICIONAL DE MATERIA--NOMBRE GEOGRÁFICO | |
| Nombre geográfico | Friuli Venezia Giulia |
| Subdivisión de forma | Catálogos |
| Subdivisión general | arte e historia |
| Subdivisión geográfica | Italia |
| 9 (RLIN) | 12320 |
| 700 1# - PUNTO DE ACCESO ADICIONAL--NOMBRE DE PERSONA | |
| Nombre de persona | Dury, Richard J. |
| Término indicativo de función/relación | Traductor |
| 9 (RLIN) | 12321 |
| 700 1# - PUNTO DE ACCESO ADICIONAL--NOMBRE DE PERSONA | |
| Nombre de persona | McKeon Sadleir, Richard |
| Término indicativo de función/relación | Traductor |
| 9 (RLIN) | 12322 |
| 700 1# - PUNTO DE ACCESO ADICIONAL--NOMBRE DE PERSONA | |
| Nombre de persona | Mainardi, Roberto |
| 9 (RLIN) | 12323 |
| 902 ## - CATALOGADOR | |
| Iniciales | DSC |
| 942 ## - ELEMENTOS DE PUNTO DE ACCESO ADICIONAL (KOHA) | |
| Fuente del sistema de clasificación o colocación | Library of Congress Classification |
| Tipo de ítem Koha | Libros |
| Estado de retiro | Estado de pérdida | Estado dañado | No para préstamo | Localización permanente | Ubicación/localización actual | Fecha de adquisición | Total de préstamos | Signatura topográfica completa | Código de barras | Fecha visto por última vez | Precio válido a partir de | Tipo de ítem Koha |
|---|---|---|---|---|---|---|---|---|---|---|---|---|
| El ejemplar forma parte de la colección y puede ser consultado según las políticas vigentes. | Biblioteca del Museo Franz Mayer (Rogerio Casas-Alatriste) | Biblioteca del Museo Franz Mayer (Rogerio Casas-Alatriste) | 14/10/2010 | PG7297 .F75 1978 | REF00392 | 22/03/2019 | 22/03/2019 | Libros |